000 00971nam a2200229 a 4500
001 49443
003 BD-RjUL
005 20211209054700.0
008 160820s1979 bg ||||| |||| 00| 0 ben d
020 _c: Tk. 10.00
035 _a(BD-RjUL)49562
040 _aBD-RjUL
_bben
_cBD-RjUL
041 _aben
082 _223
_a891.4409
_bTAA 1979
100 _aতালিব, মুহম্মদ আবূ
_9148399
245 1 0 _aআধুনিক বাংলা সাহিত্যের ভাষা :
_bসাধুতা বনাম অসাধুতা /
_cমুহম্মদ আবূ তালিব
260 _aঢাকা :
_bইসলামিক ফাউণ্ডেশন,
_c১৯৭৯
300 _a[১২], ৫২ পৃ. ;
_c১৯ সেমি.
650 _aবাংলা সাহিত্য
_xইতিহাস ও সমালোচনা
_9148400
650 _aBengali Literature
_xHistory and Criticism
_9148401
942 _2ddc
_cBK
999 _c49443
_d49443